|
|
|
|
| LEADER |
00000nab a2200000 a 4500 |
| 001 |
vtls000925468 |
| 003 |
SK-MaSNL |
| 005 |
20260303033639.0 |
| 008 |
140301e19940701xo 0 slo |
| 035 |
|
|
|a KE34345
|
| 040 |
|
|
|a KEVKJB
|b slo
|c KEVKJB
|e AACR2
|
| 041 |
0 |
|
|a slo
|
| 044 |
|
|
|a xo
|c SK
|
| 080 |
|
|
|a 669.1
|2 1981
|
| 100 |
1 |
|
|a Rezeš, Alexander
|4 aut
|9 783741
|
| 245 |
1 |
0 |
|a Krivorožský ťažobno-úpravárenský kombinát
|b Z aktivít VSŽ, a.s.
|
| 610 |
2 |
7 |
|a Východoslovenské železiarne (Košice, Slovensko)
|2 KEVKJB
|
| 610 |
2 |
7 |
|a Krivorožský ťažobno-úpravársky kombinát /KŤUK/
|2 KEVKJB
|9 887036
|
| 650 |
0 |
7 |
|a aktivity
|2 KEVKJB
|9 372560
|
| 651 |
|
7 |
|a Košice (Slovensko)
|2 KEVKJB
|9 18694
|
| 651 |
|
7 |
|a Dolinskaja (Ukrajina)
|2 KEVKJB
|9 881733
|
| 773 |
0 |
8 |
|t Hospodárske noviny, č.127, 1.7.1994, s. 4
|
| 852 |
|
|
|a ZVYKNI
|b KIS3GCP
|
| 999 |
|
|
|c 1670949
|d 1672879
|